The Haraway reader
Αποθηκεύτηκε σε:
| Κύριος συγγραφέας: | |
|---|---|
| Μορφή: | Βιβλίο |
| Γλώσσα: | English |
| Δημοσίευση: |
New York :
Routledge,
2004
|
| Θέματα: | |
| Ετικέτες: |
Προσθήκη ετικέτας
Δεν υπάρχουν, Καταχωρήστε ετικέτα πρώτοι!
|
MARC
| LEADER | 00000nam a2200000 i 4500 | ||
|---|---|---|---|
| 001 | 1/90261 | ||
| 008 | 080701s2004 eng d | ||
| 020 | |a 0-415-96689-2 (pbk.) | ||
| 035 | |l 10098610 | ||
| 040 | |a GR-MY-UA |b gre |e aacr | ||
| 041 | 0 | |a eng | |
| 082 | 0 | |a 305.4201 |2 (22) | |
| 100 | 1 | |a Haraway, Donna Jeanne. | |
| 245 | 1 | 4 | |a The Haraway reader / |c Donna Haraway |
| 260 | |a New York : |b Routledge, |c 2004 | ||
| 300 | |a viii, 352 σ.; |b εικ.; |c 24 εκ. | ||
| 504 | |a Περιέχει βιβλιογραφικές παραπομπές και ευρετήριο | ||
| 650 | 0 | 0 | |a Feminist theory. |
| 650 | 0 | 0 | |a Feminist criticism. |
| 650 | 0 | 0 | |a Technology |x Social aspects. |
| 650 | 0 | 0 | |a Science |x Social aspects. |
| 852 | |a INST |b LESVOS |e 20080701 |h 305.4201 HAR |p 005100041692 |q 005100041692 |t BK |y 0 | ||
| 901 | |a BIBL1-2008-2 | ||
| 909 | |a Λ |b 144682 | ||
| 922 | |a 1ΕΛΗ |b 200801 |c ΕΠΕΑΕΚ2/ΤΚΑ |d ΠΑΠΑΣΩΤΗΡΙΟΥ | ||
| 970 | |a ΚΑΡΑ |b ΓΙΑΣΕΜΗ |z 2008/07/01 | ||